Top 10 U.S. States Wider than Tall - Statistics

General Stats
  • This quiz has been taken 14,960 times
  • The average score is 7 of 10
Answer Stats
Ratio State % Correct
3.82 Tennessee
89%
2.31 Kentucky
82%
1.89 Montana
76%
2.18 Virginia
72%
1.92 Kansas
71%
2.00 Nebraska
68%
2.73 North Carolina
68%
1.78 Pennsylvania
65%
2.28 Massachusetts
63%
1.80 South Dakota
58%
No matching quizzes found
Score Distribution
Percent of People with Each Score
Percentile by Number Answered
Your Score History
You have not taken this quiz